| 000 | 00741nam a2200229 i 4500 | ||
|---|---|---|---|
| 001 | 16462 | ||
| 003 | ES-MaACL | ||
| 005 | 20240527195135.0 | ||
| 007 | t| | ||
| 008 | 000925s1974 sp ||||1| spa d | ||
| 020 | _a84-235-0203-1 | ||
| 080 | _a353(465.1) | ||
| 100 | 1 |
_aSalcedo Izu, Joaquín. _9101851 |
|
| 245 | 1 | 0 |
_aAtribuciones de la Diputación del Reino de Navarra / _cJoaquín Salcedo Izu. |
| 260 |
_aPamplona : _bInstitución Príncipe de Viana, _c1974. |
||
| 300 |
_ap. 291-595 ; _c22 cm. |
||
| 500 | _aEs el tomo II. | ||
| 610 | 1 |
_aNavarra (Comunidad Autónoma). _bDiputación Foral. _95984 |
|
| 710 | 2 |
_aInstitución Príncipe de Viana _94730 |
|
| 852 |
_aES-MaACL _jG-2196 _bR.119278 |
||
| 999 |
_c16462 _d16462 |
||